| 000 | 00650nam a2200205 a 4500 | ||
|---|---|---|---|
| 001 | 000022253 | ||
| 005 | 20250502073819.0 | ||
| 008 | 100921s1985 dr 000 0 spa d | ||
| 040 |
_aDO-SdBNP _bspa _cBNPHU |
||
| 082 |
_axxx _bB463r |
||
| 100 | 1 |
_aBenedito, Gustavo A. _946009 |
|
| 245 | 1 | 0 |
_aRedacción de documentos / _cGustavo A. Benedito. |
| 260 |
_aSanto Domingo : _bONAP, _c1985. |
||
| 300 |
_a285 p. ; _c28 cm. |
||
| 490 | 1 |
_aManuales Técnicos _v6 |
|
| 504 | _aBibliografías : p. 285 | ||
| 710 | 1 |
_aRepública Dominicana. _bOficina Nacional de Administración y Personal _926398 |
|
| 830 | 0 |
_aManuales Técnicos _n6 _946010 |
|
| 049 | _aBNPD | ||
| 999 |
_c21751 _d21751 |
||